| 000 | 00683nam a2200217 b 4500 | ||
|---|---|---|---|
| 003 | OSt | ||
| 005 | 20150304172534.0 | ||
| 008 | 000619s1971 sp | ||| ||spa | ||
| 040 | _cBMC | ||
| 082 | _a813.5 | ||
| 100 | 1 |
_aSerling, Robert J. _930906 |
|
| 245 | 1 | 3 |
_aMujer piloto _cRobert J. Serling ; [traducción, Elisa López de Bullrich] |
| 250 | _a1ª ed., 4ª imp | ||
| 260 |
_aBuenos Aires _bEmecé _c1971 |
||
| 300 |
_a337 p. _c22 cm |
||
| 490 | 1 | _aGrandes Novelistas. La novela actual en el mundo | |
| 595 | _aTraducción de: She´ll never get off the ground | ||
| 650 | 2 | 4 |
_917595 _aNovela norteamericana |
| 700 | 1 |
_929747 _aLópez de Bullrich, Elisa |
|
| 942 |
_2ddc _cBK |
||
| 999 |
_c18163 _d18163 |
||